|
|
|
|
| LEADER |
01996nam a2200481 i 4500 |
| 001 |
EBC1461020 |
| 003 |
MiAaPQ |
| 005 |
20200520144314.0 |
| 006 |
m o d | |
| 007 |
cr cnu|||||||| |
| 008 |
131104s2003 enkad ob 001 0 eng|d |
| 020 |
|
|
|z 0415313716
|
| 020 |
|
|
|z 0415313678
|
| 020 |
|
|
|z 9780415313711
|
| 020 |
|
|
|a 9781315016801
|q (electronic bk.)
|
| 035 |
|
|
|a (MiAaPQ)EBC1461020
|
| 035 |
|
|
|a (Au-PeEL)EBL1461020
|
| 035 |
|
|
|a (CaPaEBR)ebr10781125
|
| 035 |
|
|
|a (CaONFJC)MIL529004
|
| 035 |
|
|
|a (OCoLC)862048793
|
| 040 |
|
|
|a MiAaPQ
|b eng
|e rda
|e pn
|c MiAaPQ
|d MiAaPQ
|
| 050 |
|
4 |
|a HB99.7
|b .O57 2003
|
| 082 |
0 |
|
|a 445
|
| 245 |
0 |
0 |
|a On political economists and modern political economy :
|b selected essays of G.C. Harcourt /
|c edited by Claudio Sardoni.
|
| 264 |
|
1 |
|a London :
|b Routledge,
|c 2003.
|
| 300 |
|
|
|a 1 online resource (445 pages) :
|b illustrations.
|
| 336 |
|
|
|a text
|2 rdacontent
|
| 337 |
|
|
|a computer
|2 rdamedia
|
| 338 |
|
|
|a online resource
|2 rdacarrier
|
| 440 |
|
0 |
|a Routledge library editions.
|p Economics
|
| 504 |
|
|
|a Includes bliographical references and indexes.
|
| 505 |
0 |
|
|a part I. Issues in post-Keynesian economics -- part II. The capital theory controversies -- part III. Surveys of approaches to economic theory -- part Ivolume Theoretical methods -- part volume Post-Keynesian policy -- part VI. Intellectual biographies.
|
| 588 |
|
|
|a Description based on online resource; title from PDF title page (ebrary, viewed November 5, 2013).
|
| 590 |
|
|
|a Electronic reproduction. Ann Arbor, MI : ProQuest, 2015. Available via World Wide Web. Access may be limited to ProQuest affiliated libraries.
|
| 650 |
|
0 |
|a Keynesian economics.
|
| 650 |
|
0 |
|a Capital.
|
| 650 |
|
0 |
|a Economics.
|
| 650 |
|
0 |
|a Economic policy.
|
| 650 |
|
0 |
|a Economists.
|
| 655 |
|
4 |
|a Electronic books.
|
| 700 |
1 |
|
|a Sardoni, Claudio.
|
| 797 |
2 |
|
|a ProQuest (Firm)
|
| 856 |
4 |
0 |
|u https://ebookcentral.proquest.com/lib/matrademy/detail.action?docID=1461020
|z Click to View
|